[Event "World Chess Olympiad 2018"]
[Site "Batumi"]
[Date "2018.09.30"]
[Round "6"]
[Board "3"]
[WhiteFideId "13900463"]
[White "Svetushkin Dmitry"]
[BlackFideId "900290"]
[Black "Kosic Dragan"]
[Result "1/2-1/2"]
[LiveChessVersion "1.4.8"]
[BlackElo "2465"]
[WhiteElo "2580"]

1. e4 {[%clk 1:30:56]} e6 {[%clk 1:30:54]} 2. d4 {[%clk 1:31:21]} d5
{[%clk 1:31:20]} 3. Nc3 {[%clk 1:31:44]} Nf6 {[%clk 1:31:45]} 4. e5
{[%clk 1:32:06]} Nfd7 {[%clk 1:32:10]} 5. f4 {[%clk 1:32:31]} c5 {[%clk 1:32:34]}
6. Nf3 {[%clk 1:32:54]} Nc6 {[%clk 1:33:00]} 7. Be3 {[%clk 1:33:17]} Be7
{[%clk 1:33:25]} 8. Qd2 {[%clk 1:33:25]} O-O {[%clk 1:29:29]} 9. Be2
{[%clk 1:33:50]} a6 {[%clk 1:26:20]} 10. O-O {[%clk 1:30:24]} b5 {[%clk 1:26:45]}
11. Nd1 {[%clk 1:30:49]} cxd4 {[%clk 1:20:29]} 12. Nxd4 {[%clk 1:31:07]} Bb7
{[%clk 1:15:07]} 13. c3 {[%clk 1:28:12]} Rc8 {[%clk 1:04:24]} 14. Nf2
{[%clk 1:24:43]} Nc5 {[%clk 1:04:26]} 15. Nxc6 {[%clk 1:23:45]} Bxc6
{[%clk 1:04:09]} 16. Bd4 {[%clk 1:23:58]} Bd7 {[%clk 0:57:01]} 17. Qe3
{[%clk 1:22:42]} Qc7 {[%clk 0:55:00]} 18. b4 {[%clk 1:08:04]} Na4
{[%clk 0:54:56]} 19. Ng4 {[%clk 1:06:28]} Nxc3 {[%clk 0:52:42]} 20. Bd3
{[%clk 1:04:57]} Ne4 {[%clk 0:53:00]} 21. Bxe4 {[%clk 1:03:41]} dxe4
{[%clk 0:52:21]} 22. a3 {[%clk 0:40:06]} Kh8 {[%clk 0:44:53]} 23. Rad1
{[%clk 0:37:17]} Qb7 {[%clk 0:42:59]} 24. Qg3 {[%clk 0:32:18]} Rfd8
{[%clk 0:32:54]} 25. Ne3 {[%clk 0:30:33]} Bf8 {[%clk 0:27:00]} 26. Qh4
{[%clk 0:29:50]} Bc6 {[%clk 0:15:03]} 27. f5 {[%clk 0:30:05]} Bd5
{[%clk 0:10:37]} 28. f6 {[%clk 0:26:19]} g6 {[%clk 0:10:46]} 29. Bc5
{[%clk 0:20:37]} Rxc5 {[%clk 0:09:33]} 30. bxc5 {[%clk 0:21:03]} Bxc5
{[%clk 0:05:21]} 31. Qh6 {[%clk 0:21:29]} Bf8 {[%clk 0:05:32]} 32. Qh3
{[%clk 0:21:47]} Qc7 {[%clk 0:05:33]} 33. Qg3 {[%clk 0:20:41]} Qc5
{[%clk 0:03:39]} 34. Qf4 {[%clk 0:15:36]} Qb6 {[%clk 0:03:36]} 35. Kh1
{[%clk 0:09:57]} a5 {[%clk 0:03:45]} 36. h4 {[%clk 0:10:17]} b4 {[%clk 0:03:10]}
37. axb4 {[%clk 0:10:42]} axb4 {[%clk 0:03:37]} 38. h5 {[%clk 0:11:03]} gxh5
{[%clk 0:03:55]} 39. g4 {[%clk 0:09:55]} h4 {[%clk 0:03:14]} 40. Rd2
{[%clk 0:39:53]} Bc5 {[%clk 0:31:13]} 41. Nxd5 {[%clk 0:15:26]} exd5
{[%clk 0:26:20]} 42. Qg5 {[%clk 0:10:45]} Bf8 {[%clk 0:05:49]} 43. Rh2
{[%clk 0:11:10]} Qa6 {[%clk 0:05:14]} 44. Qf5 {[%clk 0:09:47]} Qd3
{[%clk 0:04:51]} 45. Rxh4 {[%clk 0:09:40]} h6 {[%clk 0:05:18]} 46. Qf4
{[%clk 0:08:03]} e3 {[%clk 0:05:08]} 47. Rh3 {[%clk 0:07:56]} d4 {[%clk 0:05:08]}
48. g5 {[%clk 0:07:39]} b3 {[%clk 0:04:14]} 49. Rg1 {[%clk 0:06:49]} Qg6
{[%clk 0:00:43]} 50. Rh2 {[%clk 0:06:26]} Rc8 {[%clk 0:00:35]} 51. e6
{[%clk 0:05:32]} fxe6 {[%clk 0:00:59]} 52. gxh6 {[%clk 0:05:58]} Qf5
{[%clk 0:00:36]} 53. h7 {[%clk 0:02:39]} Rc1 {[%clk 0:00:45]} 54. Qg3
{[%clk 0:01:09]} Qe4+ {[%clk 0:00:54]} 55. Rhg2 {[%clk 0:01:32]} Rxg1+
{[%clk 0:01:07]} 56. Kxg1 {[%clk 0:01:59]} Qb1+ {[%clk 0:01:31]} 57. Kh2
{[%clk 0:02:22]} Qxh7+ {[%clk 0:01:42]} 58. Kg1 {[%clk 0:02:11]} Qb1+
{[%clk 0:01:42]} 59. Kh2 {[%clk 0:02:38]} Qh7+ {[%clk 0:01:58]} 60. Kg1
{[%clk 0:02:57]} Qb1+ {[%clk 0:02:16]} 61. Kh2 {[%clk 0:03:24]} Qh7+
{[%clk 0:02:36]} 1/2-1/2

[Event "World Chess Olympiad 2018"]
[Site "Batumi"]
[Date "2018.09.30"]
[Round "6"]
[Board "4"]
[WhiteFideId "921815"]
[White "Kalezic Blazo"]
[BlackFideId "13900897"]
[Black "Morozov Nichita"]
[Result "1/2-1/2"]
[LiveChessVersion "1.4.8"]
[BlackElo "2452"]
[WhiteElo "2448"]

1. e4 {[%clk 1:30:56]} e5 {[%clk 1:30:57]} 2. Nf3 {[%clk 1:31:05]} Nc6
{[%clk 1:31:24]} 3. Bb5 {[%clk 1:31:19]} a6 {[%clk 1:31:50]} 4. Ba4
{[%clk 1:31:38]} Nf6 {[%clk 1:32:18]} 5. O-O {[%clk 1:31:59]} Be7
{[%clk 1:32:36]} 6. Re1 {[%clk 1:32:22]} b5 {[%clk 1:33:04]} 7. Bb3
{[%clk 1:32:44]} d6 {[%clk 1:33:31]} 8. a4 {[%clk 1:32:36]} b4 {[%clk 1:33:47]}
9. d3 {[%clk 1:31:33]} O-O {[%clk 1:33:17]} 10. a5 {[%clk 1:29:38]} Rb8
{[%clk 1:30:24]} 11. Bc4 {[%clk 1:29:23]} Be6 {[%clk 1:30:44]} 12. Nbd2
{[%clk 1:28:10]} Qc8 {[%clk 1:30:22]} 13. b3 {[%clk 1:26:44]} Nd7
{[%clk 1:29:48]} 14. Bb2 {[%clk 1:25:39]} Bf6 {[%clk 1:30:06]} 15. Nf1
{[%clk 1:23:07]} Bxc4 {[%clk 1:28:29]} 16. dxc4 {[%clk 1:23:23]} Nc5
{[%clk 1:28:50]} 17. Ne3 {[%clk 1:23:38]} Ne7 {[%clk 1:29:14]} 18. Nd5
{[%clk 1:16:57]} Nxd5 {[%clk 1:29:40]} 19. Qxd5 {[%clk 1:17:04]} Qe8
{[%clk 1:30:06]} 20. Rad1 {[%clk 1:11:08]} Be7 {[%clk 1:30:31]} 21. Bc1
{[%clk 0:58:55]} c6 {[%clk 1:26:56]} 22. Qd2 {[%clk 0:57:54]} Qd8
{[%clk 1:26:29]} 23. Qe2 {[%clk 0:44:23]} Qxa5 {[%clk 1:26:46]} 24. Rf1
{[%clk 0:40:43]} Qc7 {[%clk 1:23:31]} 25. Ne1 {[%clk 0:40:18]} Ne6
{[%clk 1:23:12]} 26. Be3 {[%clk 0:40:22]} f5 {[%clk 1:11:36]} 27. c5
{[%clk 0:36:57]} d5 {[%clk 0:58:26]} 28. exd5 {[%clk 0:36:55]} cxd5
{[%clk 0:58:53]} 29. Rxd5 {[%clk 0:36:03]} Rb5 {[%clk 0:54:21]} 30. Nf3
{[%clk 0:32:29]} Bf6 {[%clk 0:53:29]} 31. Qc4 {[%clk 0:31:40]} Kh8
{[%clk 0:50:23]} 32. Rfd1 {[%clk 0:31:15]} f4 {[%clk 0:48:13]} 33. Bd2
{[%clk 0:28:44]} Rfb8 {[%clk 0:44:46]} 34. c3 {[%clk 0:20:28]} bxc3
{[%clk 0:38:44]} 35. Bxc3 {[%clk 0:20:18]} Rxc5 {[%clk 0:39:02]} 36. Rxc5
{[%clk 0:18:39]} Qxc5 {[%clk 0:38:35]} 37. Qxa6 {[%clk 0:15:39]} Nd4
{[%clk 0:35:05]} 38. Bxd4 {[%clk 0:10:49]} exd4 {[%clk 0:35:32]} 39. h3
{[%clk 0:08:23]} h6 {[%clk 0:34:21]} 40. Qe2 {[%clk 0:35:34]} Qd5
{[%clk 1:02:29]} 41. Rd3 {[%clk 0:32:16]} Rxb3 {[%clk 0:57:02]} 42. Qe8+
{[%clk 0:31:32]} Kh7 {[%clk 0:57:30]} 43. Rxb3 {[%clk 0:31:50]} Qxb3
{[%clk 0:57:57]} 44. Qe4+ {[%clk 0:32:11]} Kh8 {[%clk 0:58:24]} 45. Qe8+
{[%clk 0:30:12]} Qg8 {[%clk 0:58:39]} 46. Qd7 {[%clk 0:30:39]} Qa8
{[%clk 0:59:04]} 47. Kh2 {[%clk 0:26:17]} Qe4 {[%clk 0:58:43]} 48. h4
{[%clk 0:25:57]} g6 {[%clk 0:55:51]} 49. Qf7 {[%clk 0:22:33]} Qf5
{[%clk 0:54:14]} 50. Qf8+ {[%clk 0:21:03]} Kh7 {[%clk 0:54:32]} 51. Qf7+
{[%clk 0:20:48]} Bg7 {[%clk 0:53:37]} 52. Qxf5 {[%clk 0:20:24]} gxf5
{[%clk 0:54:05]} 53. Ne1 {[%clk 0:20:17]} h5 {[%clk 0:53:13]} 54. Nd3
{[%clk 0:20:17]} f3 {[%clk 0:48:12]} 55. g3 {[%clk 0:15:23]} Bh6 {[%clk 0:42:50]}
56. Kg1 {[%clk 0:11:32]} f4 {[%clk 0:42:30]} 57. Ne5 {[%clk 0:07:07]} fxg3
{[%clk 0:42:40]} 58. Nxf3 {[%clk 0:07:25]} gxf2+ {[%clk 0:41:09]} 59. Kxf2
{[%clk 0:07:46]} d3 {[%clk 0:41:12]} 60. Ne5 {[%clk 0:07:49]} d2 {[%clk 0:41:37]}
61. Ke2 {[%clk 0:08:15]} 1/2-1/2

[Event "World Chess Olympiad 2018"]
[Site "Batumi"]
[Date "2018.09.30"]
[Round "6"]
[Board "4"]
[WhiteFideId "13602071"]
[White "Pantsulaia Levan"]
[BlackFideId "4100140"]
[Black "Bareev Evgeny"]
[Result "1/2-1/2"]
[LiveChessVersion "1.4.8"]
[BlackElo "2666"]
[WhiteElo "2589"]

1. c4 {[%clk 1:30:49]} e5 {[%clk 1:30:04]} 2. Nc3 {[%clk 1:31:08]} Nf6
{[%clk 1:29:47]} 3. Nf3 {[%clk 1:31:28]} Nc6 {[%clk 1:30:12]} 4. e4
{[%clk 1:30:57]} Bb4 {[%clk 1:30:00]} 5. d3 {[%clk 1:31:17]} d6 {[%clk 1:29:22]}
6. a3 {[%clk 1:31:29]} Bc5 {[%clk 1:28:28]} 7. b4 {[%clk 1:31:48]} Bb6
{[%clk 1:27:23]} 8. Na4 {[%clk 1:32:09]} Bd4 {[%clk 1:25:37]} 9. Nxd4
{[%clk 1:25:03]} Nxd4 {[%clk 1:25:04]} 10. Nc3 {[%clk 1:23:21]} c6
{[%clk 1:21:54]} 11. Ne2 {[%clk 1:19:21]} Ne6 {[%clk 1:17:44]} 12. g3
{[%clk 1:14:32]} d5 {[%clk 1:04:41]} 13. exd5 {[%clk 1:00:42]} cxd5
{[%clk 1:05:06]} 14. Bg2 {[%clk 1:01:08]} dxc4 {[%clk 0:55:18]} 15. dxc4
{[%clk 1:01:25]} Qxd1+ {[%clk 0:55:45]} 16. Kxd1 {[%clk 1:01:48]} a5
{[%clk 0:56:12]} 17. Bb2 {[%clk 0:59:31]} Ng4 {[%clk 0:37:56]} 18. Ke1
{[%clk 0:56:22]} O-O {[%clk 0:36:33]} 19. h3 {[%clk 0:54:34]} Nf6
{[%clk 0:37:01]} 20. Bxe5 {[%clk 0:44:38]} Nd7 {[%clk 0:36:51]} 21. Bc3
{[%clk 0:43:34]} Nb6 {[%clk 0:34:05]} 22. c5 {[%clk 0:43:27]} Na4
{[%clk 0:33:58]} 23. Be5 {[%clk 0:20:46]} Re8 {[%clk 0:28:34]} 24. Rd1
{[%clk 0:20:56]} f6 {[%clk 0:17:13]} 25. Ba1 {[%clk 0:15:40]} Nc7
{[%clk 0:17:32]} 26. Kf1 {[%clk 0:09:21]} Nb5 {[%clk 0:11:53]} 27. c6
{[%clk 0:09:00]} Ra7 {[%clk 0:12:04]} 28. Bd4 {[%clk 0:06:20]} b6
{[%clk 0:11:14]} 29. Bd5+ {[%clk 0:04:48]} Kf8 {[%clk 0:08:15]} 30. Bb3
{[%clk 0:03:14]} axb4 {[%clk 0:04:02]} 31. axb4 {[%clk 0:03:42]} Be6
{[%clk 0:04:18]} 32. Bxa4 {[%clk 0:00:52]} Rxa4 {[%clk 0:04:43]} 33. Nf4
{[%clk 0:01:11]} Bc4+ {[%clk 0:01:44]} 34. Kg2 g5 {[%clk 0:02:13]} 35. Nh5
{[%clk 0:01:20]} Bd5+ {[%clk 0:01:36]} 36. Kh2 {[%clk 0:01:50]} Bxh1
{[%clk 0:00:52]} 37. Kxh1 {[%clk 0:02:19]} Nxd4 {[%clk 0:00:55]} 38. Rxd4
{[%clk 0:02:48]} Kf7 {[%clk 0:00:55]} 39. Rd7+ {[%clk 0:01:45]} Re7
{[%clk 0:01:13]} 40. Rb7 {[%clk 0:30:57]} Rxb4 {[%clk 0:31:01]} 41. Ng7 1/2-1/2

[Event "World Chess Olympiad 2018"]
[Site "Batumi"]
[Date "2018.09.30"]
[Round "6"]
[Board "1"]
[WhiteFideId "3901211"]
[White "Iturrizaga Bonelli Eduardo"]
[BlackFideId "927031"]
[Black "Popovic Dusan"]
[Result "0-1"]
[LiveChessVersion "1.4.8"]
[BlackElo "2517"]
[WhiteElo "2636"]

1. d4 {[%clk 1:30:54]} Nf6 {[%clk 1:30:55]} 2. c4 {[%clk 1:31:10]} g6
{[%clk 1:31:18]} 3. Nc3 {[%clk 1:31:24]} Bg7 {[%clk 1:31:43]} 4. e4
{[%clk 1:31:32]} O-O {[%clk 1:31:56]} 5. Be2 {[%clk 1:31:23]} d6 {[%clk 1:32:19]}
6. Nf3 {[%clk 1:16:01]} e5 {[%clk 1:32:36]} 7. O-O {[%clk 1:16:24]} Nc6
{[%clk 1:32:50]} 8. d5 {[%clk 1:15:14]} Ne7 {[%clk 1:33:14]} 9. a4
{[%clk 1:12:25]} a5 {[%clk 1:32:13]} 10. b3 {[%clk 1:06:36]} Nd7 {[%clk 1:25:07]}
11. Ba3 {[%clk 1:06:48]} Kh8 {[%clk 1:23:56]} 12. b4 {[%clk 1:04:58]} axb4
{[%clk 1:21:52]} 13. Bxb4 {[%clk 1:05:21]} Ng8 {[%clk 1:22:18]} 14. Nd2
{[%clk 0:52:06]} b6 {[%clk 0:55:30]} 15. a5 {[%clk 0:51:35]} Nc5 {[%clk 0:54:29]}
16. axb6 {[%clk 0:40:29]} Rxa1 {[%clk 0:54:54]} 17. Qxa1 {[%clk 0:40:57]} cxb6
{[%clk 0:55:19]} 18. Qa7 {[%clk 0:29:55]} Nf6 {[%clk 0:36:05]} 19. Rb1
{[%clk 0:21:35]} Bh6 {[%clk 0:32:56]} 20. Nf1 {[%clk 0:06:26]} Nfxe4
{[%clk 0:29:40]} 21. Nxe4 {[%clk 0:06:51]} Nxe4 {[%clk 0:30:00]} 22. Be1
{[%clk 0:07:02]} Nc5 {[%clk 0:07:38]} 23. Rxb6 {[%clk 0:07:03]} e4
{[%clk 0:05:02]} 24. Bc3+ {[%clk 0:06:27]} Bg7 {[%clk 0:05:06]} 25. Bxg7+
{[%clk 0:05:17]} Kxg7 {[%clk 0:05:34]} 26. Rc6 {[%clk 0:05:30]} Qf6
{[%clk 0:02:54]} 27. h4 {[%clk 0:03:03]} h5 {[%clk 0:02:21]} 28. Ne3
{[%clk 0:01:18]} Nd3 {[%clk 0:00:45]} 29. Bxd3 {[%clk 0:00:46]} exd3
{[%clk 0:01:11]} 30. Qa3 {[%clk 0:00:33]} Qd4 {[%clk 0:00:46]} 31. Rxd6
{[%clk 0:00:31]} d2 {[%clk 0:00:59]} 32. Nd1 {[%clk 0:00:31]} Re8
{[%clk 0:01:06]} 33. Qc3 0-1

[Event "World Chess Olympiad 2018"]
[Site "Batumi"]
[Date "2018.09.30"]
[Round "6"]
[Board "2"]
[WhiteFideId "937614"]
[White "Roganovic Milos"]
[BlackFideId "3900258"]
[Black "Ynojosa Aponte Felix Jose"]
[Result "1-0"]
[LiveChessVersion "1.4.8"]
[BlackElo "2370"]
[WhiteElo "2527"]

1. e4 {[%clk 1:30:57]} c5 {[%clk 1:30:56]} 2. Nf3 {[%clk 1:31:21]} Nc6
{[%clk 1:31:23]} 3. Bb5 {[%clk 1:31:42]} e6 {[%clk 1:31:49]} 4. O-O
{[%clk 1:31:53]} Nge7 {[%clk 1:32:17]} 5. Re1 {[%clk 1:32:07]} Nd4
{[%clk 1:32:44]} 6. Nxd4 {[%clk 1:31:53]} cxd4 {[%clk 1:33:11]} 7. c3
{[%clk 1:31:44]} a6 {[%clk 1:33:39]} 8. Bf1 {[%clk 1:31:56]} Nc6 {[%clk 1:34:06]}
9. a4 {[%clk 1:30:09]} Bc5 {[%clk 1:31:47]} 10. b4 {[%clk 1:28:52]} Ba7
{[%clk 1:31:12]} 11. b5 {[%clk 1:27:11]} Ne5 {[%clk 1:30:16]} 12. a5
{[%clk 1:25:26]} axb5 {[%clk 1:19:19]} 13. Na3 {[%clk 1:25:31]} Qxa5
{[%clk 1:02:25]} 14. Bb2 {[%clk 1:11:51]} d3 {[%clk 0:51:39]} 15. Nc4
{[%clk 1:06:40]} Qc7 {[%clk 0:52:05]} 16. Nxe5 {[%clk 1:06:58]} Qxe5
{[%clk 0:52:29]} 17. Bxd3 {[%clk 1:07:17]} O-O {[%clk 0:31:02]} 18. Bc2
{[%clk 0:55:14]} Qc7 {[%clk 0:18:44]} 19. e5 {[%clk 0:48:26]} b4 {[%clk 0:08:13]}
20. cxb4 {[%clk 0:38:49]} b5 {[%clk 0:07:35]} 21. Ra3 {[%clk 0:34:28]} g6
{[%clk 0:02:15]} 22. Rh3 {[%clk 0:23:46]} Bb7 {[%clk 0:02:20]} 23. Bd3
{[%clk 0:23:50]} Qd8 {[%clk 0:00:35]} 24. Qg4 {[%clk 0:23:06]} Bc6
{[%clk 0:00:38]} 25. Qf4 {[%clk 0:23:09]} h5 {[%clk 0:00:39]} 26. Qh6
{[%clk 0:21:56]} Qe7 {[%clk 0:00:32]} 27. Rxh5 {[%clk 0:22:11]} 1-0

[Event "World Chess Olympiad 2018"]
[Site "Batumi"]
[Date "2018.09.30"]
[Round "6"]
[Board "3"]
[WhiteFideId "3902501"]
[White "Zavarce Sayago Oscar Enrique"]
[BlackFideId "912123"]
[Black "Nenezic Marko"]
[Result "0-1"]
[LiveChessVersion "1.4.8"]
[BlackElo "2495"]
[WhiteElo "2346"]

1. Nf3 {[%clk 1:30:29]} Nf6 {[%clk 1:30:34]} 2. c4 {[%clk 1:30:31]} g6
{[%clk 1:30:37]} 3. g3 {[%clk 1:29:25]} Bg7 {[%clk 1:30:37]} 4. Bg2
{[%clk 1:29:27]} O-O {[%clk 1:30:48]} 5. O-O {[%clk 1:28:01]} d6 {[%clk 1:30:43]}
6. d4 {[%clk 1:28:02]} c6 {[%clk 1:30:35]} 7. Nc3 {[%clk 1:25:48]} Bf5
{[%clk 1:30:24]} 8. Nh4 {[%clk 1:03:27]} Be6 {[%clk 1:28:55]} 9. Qd3
{[%clk 0:52:09]} d5 {[%clk 1:25:06]} 10. b3 {[%clk 0:49:38]} Qa5 {[%clk 1:13:41]}
11. c5 {[%clk 0:29:34]} b6 {[%clk 1:05:30]} 12. cxb6 {[%clk 0:25:36]} axb6
{[%clk 1:03:58]} 13. Bb2 {[%clk 0:24:32]} Rd8 {[%clk 0:56:56]} 14. e3
{[%clk 0:22:19]} Bc8 {[%clk 0:50:03]} 15. Rfd1 {[%clk 0:21:51]} Nbd7
{[%clk 0:50:00]} 16. Nf3 {[%clk 0:20:47]} Bb7 {[%clk 0:48:40]} 17. Rac1
{[%clk 0:05:19]} e6 {[%clk 0:47:28]} 18. a3 {[%clk 0:05:31]} c5 {[%clk 0:46:09]}
19. Qc2 {[%clk 0:02:09]} Rac8 {[%clk 0:41:54]} 20. Qe2 {[%clk 0:02:14]} Qa8
{[%clk 0:30:46]} 21. Nd2 {[%clk 0:00:54]} e5 {[%clk 0:28:08]} 22. Nb5
{[%clk 0:00:40]} cxd4 {[%clk 0:23:41]} 23. exd4 {[%clk 0:01:08]} e4
{[%clk 0:23:51]} 24. Bh3 {[%clk 0:01:00]} Ba6 {[%clk 0:23:04]} 25. a4
{[%clk 0:01:08]} Bh6 {[%clk 0:22:59]} 26. Ba3 {[%clk 0:00:38]} Rxc1
{[%clk 0:21:56]} 27. Bxc1 {[%clk 0:01:02]} Rc8 {[%clk 0:21:42]} 28. Ba3
{[%clk 0:00:43]} Rc2 {[%clk 0:21:13]} 29. Bb4 {[%clk 0:01:13]} Qc6
{[%clk 0:20:44]} 30. Qf1 {[%clk 0:00:34]} Nf8 {[%clk 0:20:13]} 31. Nb1
{[%clk 0:00:33]} e3 {[%clk 0:20:14]} 32. fxe3 {[%clk 0:00:33]} Bxe3+
{[%clk 0:20:35]} 33. Kh1 {[%clk 0:00:55]} Ne4 {[%clk 0:20:52]} 34. Be1
{[%clk 0:01:03]} Rb2 {[%clk 0:18:16]} 35. Qd3 {[%clk 0:00:49]} Bf2
{[%clk 0:18:12]} 36. Qf1 {[%clk 0:00:33]} Bxe1 {[%clk 0:16:31]} 37. Rxe1
{[%clk 0:00:58]} Nf2+ {[%clk 0:16:45]} 38. Kg1 {[%clk 0:00:32]} Nxh3+
{[%clk 0:17:00]} 39. Qxh3 {[%clk 0:00:57]} Qc2 {[%clk 0:17:16]} 40. Rf1
{[%clk 0:30:34]} Rxb1 {[%clk 0:47:23]} 0-1

[Event "World Chess Olympiad 2018"]
[Site "Batumi"]
[Date "2018.09.30"]
[Round "6"]
[Board "4"]
[WhiteFideId "950122"]
[White "Ivic Velimir"]
[BlackFideId "3902480"]
[Black "Vivas Zamora Fabian Ernesto"]
[Result "1/2-1/2"]
[LiveChessVersion "1.4.8"]
[BlackElo "2363"]
[WhiteElo "2472"]

1. e4 {[%clk 1:30:56]} c5 {[%clk 1:30:47]} 2. Nf3 {[%clk 1:31:19]} d6
{[%clk 1:31:05]} 3. d4 {[%clk 1:31:42]} cxd4 {[%clk 1:31:21]} 4. Nxd4
{[%clk 1:32:04]} Nf6 {[%clk 1:31:48]} 5. Nc3 {[%clk 1:32:23]} a6 {[%clk 1:32:05]}
6. Bg5 {[%clk 1:32:45]} Nbd7 {[%clk 1:32:09]} 7. Bc4 {[%clk 1:32:40]} Qb6
{[%clk 1:31:56]} 8. O-O {[%clk 1:32:50]} Qxb2 {[%clk 1:30:40]} 9. Nd5
{[%clk 1:33:06]} Nxd5 {[%clk 1:31:01]} 10. Rb1 {[%clk 1:33:28]} Qc3
{[%clk 1:31:21]} 11. Bxd5 {[%clk 1:33:51]} e6 {[%clk 1:31:37]} 12. Bxb7
{[%clk 1:33:02]} Bxb7 {[%clk 1:32:01]} 13. Rxb7 {[%clk 1:33:25]} Nc5
{[%clk 1:32:05]} 14. Rc7 {[%clk 1:30:01]} Qa5 {[%clk 1:26:58]} 15. Rc6
{[%clk 1:30:21]} Nxe4 {[%clk 1:21:35]} 16. Bh4 {[%clk 1:29:23]} g5
{[%clk 0:55:37]} 17. Re1 {[%clk 1:29:34]} gxh4 {[%clk 0:35:45]} 18. Rxe4
{[%clk 1:29:47]} Be7 {[%clk 0:32:53]} 19. Nxe6 {[%clk 1:06:34]} fxe6
{[%clk 0:32:45]} 20. Rxe6 {[%clk 1:06:58]} Rd8 {[%clk 0:25:08]} 21. Qe2
{[%clk 0:39:10]} Qg5 {[%clk 0:25:21]} 22. Rc7 {[%clk 0:36:13]} Qc1+
{[%clk 0:25:34]} 23. Qe1 {[%clk 0:35:52]} Qxe1+ {[%clk 0:25:55]} 24. Rxe1
{[%clk 0:36:15]} Rd7 {[%clk 0:26:21]} 25. Rc8+ {[%clk 0:36:33]} Rd8
{[%clk 0:26:47]} 26. Rc7 {[%clk 0:36:54]} Rd7 {[%clk 0:27:13]} 27. Rc8+
{[%clk 0:37:18]} Rd8 {[%clk 0:27:42]} 28. Rc7 {[%clk 0:37:40]} Rd7
{[%clk 0:28:09]} 1/2-1/2

[Event "World Chess Olympiad 2018"]
[Site "Batumi"]
[Date "2018.09.30"]
[Round "6"]
[Board "1"]
[WhiteFideId "2501430"]
[White "Astaneh Lopez Alex"]
[BlackFideId "696358"]
[Black "Bellahcene Bilel"]
[Result "1-0"]
[LiveChessVersion "1.4.8"]
[BlackElo "2501"]
[WhiteElo "2433"]

1. d4 {[%clk 1:30:57]} Nf6 {[%clk 1:30:57]} 2. c4 {[%clk 1:30:59]} e6
{[%clk 1:31:24]} 3. Nf3 {[%clk 1:31:24]} d5 {[%clk 1:31:50]} 4. Nc3
{[%clk 1:31:37]} Bb4 {[%clk 1:32:16]} 5. Qa4+ {[%clk 1:27:00]} Nc6
{[%clk 1:32:41]} 6. Bg5 {[%clk 1:25:15]} dxc4 {[%clk 1:24:10]} 7. e4
{[%clk 1:21:48]} Bd7 {[%clk 1:23:08]} 8. Qc2 {[%clk 1:21:28]} h6 {[%clk 1:23:27]}
9. Bd2 {[%clk 1:20:38]} Bxc3 {[%clk 0:58:02]} 10. bxc3 {[%clk 1:20:58]} b5
{[%clk 0:55:16]} 11. Be2 {[%clk 1:21:13]} O-O {[%clk 0:54:48]} 12. O-O
{[%clk 1:20:06]} a6 {[%clk 0:50:09]} 13. Rad1 {[%clk 1:10:52]} Bc8
{[%clk 0:48:40]} 14. Bc1 {[%clk 1:03:07]} Bb7 {[%clk 0:46:30]} 15. Rfe1
{[%clk 0:59:47]} Qe7 {[%clk 0:37:52]} 16. e5 {[%clk 0:59:49]} Nd5
{[%clk 0:37:40]} 17. Nd2 {[%clk 0:59:08]} f5 {[%clk 0:33:34]} 18. exf6
{[%clk 0:59:28]} Qxf6 {[%clk 0:34:03]} 19. Bf3 {[%clk 0:56:33]} Nf4
{[%clk 0:33:31]} 20. Ne4 {[%clk 0:51:20]} Qg6 {[%clk 0:33:52]} 21. Bxf4
{[%clk 0:49:07]} Rxf4 {[%clk 0:33:38]} 22. Qe2 {[%clk 0:48:14]} Raf8
{[%clk 0:33:03]} 23. Bh5 {[%clk 0:46:37]} Qf5 {[%clk 0:31:17]} 24. Ng3
{[%clk 0:41:42]} Qd5 {[%clk 0:25:28]} 25. f3 {[%clk 0:40:55]} Nd8
{[%clk 0:24:41]} 26. Bg4 {[%clk 0:38:34]} Bc8 {[%clk 0:17:57]} 27. a4
{[%clk 0:33:38]} Bd7 {[%clk 0:16:30]} 28. Ne4 {[%clk 0:32:09]} Nb7
{[%clk 0:12:11]} 29. Qe3 {[%clk 0:26:21]} Kh8 {[%clk 0:11:02]} 30. Nf2
{[%clk 0:25:20]} R4f6 {[%clk 0:11:01]} 31. axb5 {[%clk 0:25:13]} axb5
{[%clk 0:11:29]} 32. Bh3 {[%clk 0:25:24]} Qh5 {[%clk 0:07:21]} 33. d5
{[%clk 0:20:51]} Re8 {[%clk 0:03:34]} 34. Ng4 {[%clk 0:18:26]} Rf7
{[%clk 0:03:34]} 35. Ne5 {[%clk 0:18:32]} exd5 {[%clk 0:02:25]} 36. Rxd5
{[%clk 0:18:02]} Nd6 {[%clk 0:01:34]} 37. Bg4 {[%clk 0:12:18]} Bxg4
{[%clk 0:00:31]} 38. fxg4 {[%clk 0:11:56]} Rxe5 {[%clk 0:00:57]} 39. Qxe5
{[%clk 0:12:01]} Qg6 {[%clk 0:00:51]} 40. h3 {[%clk 0:40:00]} Qc2
{[%clk 0:30:56]} 41. Qe3 {[%clk 0:35:07]} Rf8 {[%clk 0:29:11]} 42. Re5
{[%clk 0:34:48]} Ra8 {[%clk 0:28:59]} 43. Re7 {[%clk 0:33:33]} Ra3
{[%clk 0:28:10]} 44. g5 {[%clk 0:16:12]} Nf5 {[%clk 0:23:18]} 45. g6 1-0

[Event "World Chess Olympiad 2018"]
[Site "Batumi"]
[Date "2018.09.30"]
[Round "6"]
[Board "2"]
[WhiteFideId "7900309"]
[White "Rizouk Aimen"]
[BlackFideId "2504243"]
[Black "O`Donnell Conor"]
[Result "1-0"]
[LiveChessVersion "1.4.8"]
[BlackElo "2360"]
[WhiteElo "2445"]

1. e4 {[%clk 1:30:57]} c6 {[%clk 1:30:51]} 2. d4 {[%clk 1:24:22]} d5
{[%clk 1:31:15]} 3. Nc3 {[%clk 1:24:41]} dxe4 {[%clk 1:31:38]} 4. Nxe4
{[%clk 1:25:09]} Bf5 {[%clk 1:32:01]} 5. Ng3 {[%clk 1:25:21]} Bg6
{[%clk 1:32:24]} 6. Nf3 {[%clk 1:25:17]} Nd7 {[%clk 1:31:47]} 7. Bd3
{[%clk 1:17:14]} e6 {[%clk 1:30:09]} 8. O-O {[%clk 1:15:12]} Ngf6
{[%clk 1:28:23]} 9. Re1 {[%clk 1:15:03]} Be7 {[%clk 1:23:11]} 10. c4
{[%clk 1:11:56]} O-O {[%clk 1:20:23]} 11. b3 {[%clk 1:11:28]} c5 {[%clk 1:11:13]}
12. Bb2 {[%clk 1:10:33]} cxd4 {[%clk 1:10:26]} 13. Nxd4 {[%clk 1:09:48]} a6
{[%clk 1:02:03]} 14. a3 {[%clk 1:05:46]} Qc7 {[%clk 0:58:18]} 15. Rc1
{[%clk 0:58:59]} Rad8 {[%clk 0:49:15]} 16. b4 {[%clk 0:50:24]} Rfe8
{[%clk 0:45:24]} 17. Bf1 {[%clk 0:43:18]} Bf8 {[%clk 0:37:04]} 18. Qb3
{[%clk 0:40:45]} e5 {[%clk 0:29:55]} 19. Ndf5 {[%clk 0:39:16]} e4
{[%clk 0:28:13]} 20. c5 {[%clk 0:31:41]} Qf4 {[%clk 0:23:44]} 21. Qe3
{[%clk 0:17:40]} Qxe3 {[%clk 0:22:36]} 22. Nxe3 {[%clk 0:16:07]} Ne5
{[%clk 0:20:01]} 23. Bxe5 {[%clk 0:16:30]} Rxe5 {[%clk 0:20:28]} 24. c6
{[%clk 0:10:21]} b5 {[%clk 0:17:20]} 25. Red1 {[%clk 0:04:39]} Rc8
{[%clk 0:17:18]} 26. Ne2 {[%clk 0:03:11]} Ne8 {[%clk 0:11:41]} 27. g3
{[%clk 0:03:33]} a5 {[%clk 0:07:48]} 28. Bh3 {[%clk 0:03:00]} f5 {[%clk 0:06:55]}
29. Rd5 {[%clk 0:03:00]} Rxd5 {[%clk 0:06:25]} 30. Nxd5 {[%clk 0:03:29]} axb4
{[%clk 0:06:19]} 31. axb4 {[%clk 0:03:52]} Kf7 {[%clk 0:02:15]} 32. Nb6
{[%clk 0:01:33]} Rc7 {[%clk 0:02:10]} 33. Nd5 {[%clk 0:01:44]} Rc8
{[%clk 0:02:38]} 34. Nb6 {[%clk 0:01:22]} Rc7 {[%clk 0:03:02]} 35. Nd4
{[%clk 0:01:46]} Nd6 {[%clk 0:02:55]} 36. Nd5 {[%clk 0:01:52]} Rc8
{[%clk 0:03:13]} 37. c7 {[%clk 0:01:55]} Ke8 {[%clk 0:01:55]} 38. Nb6
{[%clk 0:02:09]} Be7 {[%clk 0:01:12]} 39. Nxc8 {[%clk 0:02:13]} Nxc8
{[%clk 0:01:40]} 40. Nxf5 {[%clk 0:32:29]} 1-0